Pokémon Epée & Bouclier- Personnages qui donnent leur Carte de Ligue - Statistiques

Statistiques générales
  • Ce quiz a été pris 38 fois
  • Le résultat moyen est 13 sur 21
Statistiques - réponses
Personnages qui donnent leur Carte de Ligue % Correct
Nabil
93%
Tarak
93%
Donna
86%
Rosemary
83%
Roy
83%
Travis
79%
Percy
76%
Kabu
72%
Sally
72%
Chaz
69%
Faiza
66%
Peterson
66%
Alistair
52%
Lona
52%
Dhilan
45%
Sophora
41%
Mustar
34%
Saturnin
34%
Shehroz
34%
Ball Masqué
21%
Apia
17%
Aucun quiz correspondant
Distribution des résultats
% des personnes avec chaque résultat
Percentile par nombre de réponses
Votre historique - résultats
Vous n’avez pas pris ce quiz